00517cam a2200133 4500008004100000035001200041050002600053110003600079245009500115260005600210300002000266506001400286650008300300090212a1959 ec 000 0 spa u aa47884704aLE46 .Q47 bU55 19592 aUniversidad Central del Ecuador13aLa Universidad y la Prensa Nacional 1959-1963 : bLa Universidad y la Opinión Pública. aQuito, Ecuador : b Ediciones Universitaria, c1959 a891 p. c21 cm. aRec. Esc. 7aAdministración xHistoria xUniversidad zQuito, Ecuador. y1959-1963 2Lemb